[Event "Canadian zt (Women)"]
[Site "Toronto"]
[Date "2024.04.01"]
[Round "8"]
[White "Roque, Alexa"]
[Black "Guan, Isabelle"]
[Result "1-0"]
[WhiteElo "1525"]
[BlackElo "1474"]
[PlyCount "119"]
[EventDate "2024.03.28"]
[EventType "team-swiss"]
[EventRounds "9"]
[EventCountry "CAN"]
[SourceTitle "CB15_2024"]
[SourceDate "2024.04.10"]
[SourceVersion "1"]
[SourceVersionDate "2024.04.10"]
[SourceQuality "1"]

1. d4 Nf6 2. c4 e6 3. Nc3 Bb4 4. Nf3 b6 5. Bg5 Bb7 6. a3 Bxc3+ 7. bxc3 d6 8. e3 Nbd7 9. Be2 Qe7 10. 0-0 h6 11. Bxf6 Nxf6 12. Nd2 0-0 13. Bf3 Bxf3 14. Qxf3 Nd7 15. e4 c5 16. Qe2 Qf6 17. Qe3 Rac8 18. f4 Rfe8 19. e5 Qe7 20. Ne4 dxe5 21. fxe5 Rf8 22. Nd6 Rc6 23. Qf3 Rc7 24. Nb5 Rcc8 25. Nxa7 Ra8 26. Nb5 f6 27. Qe4 cxd4 28. cxd4 fxe5 29. dxe5 Qc5+ 30. Qd4 Nxe5 31. Qxc5 bxc5 32. Nc7 Rxf1+ 33. Kxf1 Rf8+ 34. Ke2 Nxc4 35. Kd3 Rc8 36. Nxe6 Kf7 37. Kxc4 Kxe6 38. a4 Kd6 39. a5 Kc6 40. a6 Ra8 41. a7 Kb6 42. g4 Rxa7 43. Rxa7 Kxa7 44. Kxc5 Kb7 45. Kd5 Kc7 46. Ke6 Kd8 47. Kf7 Kd7 48. Kxg7 Ke6 49. Kxh6 Kf6 50. h4 Kf7 51. g5 Kf8 52. g6 Ke8 53. g7 Ke7 54. g8Q Kd6 55. Qe8 Kd5 56. Kg6 Kd6 57. h5 Kd5 58. h6 Kd6 59. h7 Kd5 60. h8Q 1-0